[Event "Wch U18 Girls"]
[Site "Kemer"]
[Date "2007.11.27"]
[Round "10"]
[White "Rysbayeva, Aigerim"]
[Black "Zhorzholiani, Meri"]
[Result "1/2-1/2"]
[WhiteElo "2170"]
[BlackElo "2110"]
[PlyCount "116"]
[EventDate "2007.11.18"]
[EventType "swiss"]
[EventRounds "11"]
[EventCountry "TUR"]
[SourceTitle "CBM 121 Extra"]
[Source "ChessBase"]
[SourceDate "2008.01.10"]
[SourceVersion "1"]
[SourceVersionDate "2008.01.10"]
[SourceQuality "1"]

1. e4 c5 2. Nf3 d6 3. d4 cxd4 4. Nxd4 Nf6 5. Nc3 Nc6 6. Bg5 e6 7. Be2 Qb6 8. Nb3 a6 9. 0-0 Be7 10. Kh1 0-0 11. f4 Rd8 12. Qe1 Qc7 13. Rd1 b5 14. a3 Bb7 15. Bd3 Ne8 16. Bxe7 Qxe7 17. Qg3 b4 18. axb4 Nxb4 19. Na5 Qc7 20. Nxb7 Qxb7 21. Bc4 Nf6 22. e5 dxe5 23. fxe5 Ne8 24. Bb3 Qe7 25. Ne4 Rxd1 26. Rxd1 Rd8 27. Rf1 h6 28. h3 Kh8 29. c3 Nd5 30. c4 Nb4 31. Ba4 f5 32. exf6 Nxf6 33. Nxf6 Rf8 34. Qe5 Rxf6 35. Rd1 Qf8 36. Qd4 Rf1+ 37. Rxf1 Qxf1+ 38. Kh2 e5 39. Qxe5 Qxc4 40. Bd7 Qg8 41. Qd6 Qd8 42. Kh1 a5 43. b3 Na6 44. Qd5 Nc5 45. Bc6 Qxd5 46. Bxd5 Kh7 47. Kg1 Kg6 48. Kf2 a4 49. bxa4 Nxa4 50. Ke3 Nb6 51. Bc6 Nc8 52. Ke4 Kf6 53. Kf4 Nd6 54. Bd5 Nb5 55. Be4 Nd6 56. Bd5 Ke7 57. h4 Kf6 58. Kg4 Nf7 1/2-1/2

[Event "EU-ch U18 Girls 17th"]
[Site "Sibenik"]
[Date "2007.09.20"]
[Round "7"]
[White "Zhorzholiani, Meri"]
[Black "Charochkina, Daria"]
[Result "1/2-1/2"]
[WhiteElo "2110"]
[BlackElo "2390"]
[PlyCount "87"]
[EventDate "2007.09.14"]
[EventType "swiss"]
[EventRounds "9"]
[EventCountry "CRO"]
[SourceTitle "CBM 120 Extra"]
[Source "ChessBase"]
[SourceDate "2007.11.01"]
[SourceVersion "1"]
[SourceVersionDate "2007.11.01"]
[SourceQuality "1"]

1. d4 Nf6 2. c4 c5 3. Nf3 cxd4 4. Nxd4 e5 5. Nf3 Nc6 6. Bg5 Qa5+ 7. Bd2 Qb6 8. Nc3 e4 9. Ng5 e3 10. Bxe3 Qxb2 11. Rc1 Bb4 12. Bd2 0-0 13. e3 Qa3 14. Qc2 d6 15. Be2 h6 16. Nf3 Qa5 17. 0-0 Bd7 18. Rfd1 Rac8 19. Nb5 d5 20. Nd6 Rb8 21. c5 a6 22. Rb1 b6 23. cxb6 Rxb6 24. Bxb4 Rxb4 25. Nb7 Qa3 26. Nc5 Bc8 27. Bf1 Qa5 28. Nd2 Qb6 29. a3 Rxb1 30. Rxb1 Qa5 31. a4 Ne5 32. Ndb3 Qc7 33. Qd2 Nfg4 34. f4 Nc4 35. Qxd5 Ngxe3 36. Qf3 Re8 37. Re1 Nd2 38. Nxd2 Qxc5 39. Kh1 Qc3 40. Re2 Bg4 41. Rxe3 Rxe3 42. Qxg4 Qxd2 43. Qc8+ Kh7 44. Qf5+ 1/2-1/2